TINTINALLI'S EMERGENCY MEDICINE A COMPREHENSIV STUDY GUIDE (Record no. 30845)

MARC details
000 -LEADER
fixed length control field 00476nam a22001697a 4500
003 - CONTROL NUMBER IDENTIFIER
control field SGT
020 ## - INTERNATIONAL STANDARD BOOK NUMBER
International Standard Book Number 9781260461350
082 ## - DEWEY DECIMAL CLASSIFICATION NUMBER
Classification number 616.025
Item number T20T
100 ## - MAIN ENTRY--PERSONAL NAME
Personal name TINTINALLI. JUDITH E.
245 ## - TITLE STATEMENT
Title TINTINALLI'S EMERGENCY MEDICINE A COMPREHENSIV STUDY GUIDE
250 ## - EDITION STATEMENT
Edition statement 9TH
260 ## - PUBLICATION, DISTRIBUTION, ETC. (IMPRINT)
Place of publication, distribution, etc NEW YORK
Name of publisher, distributor, etc MC GRAW HILL PUB
Year of Publication 2020
300 ## - PAGE DESCRIPTION
No. of Pages 2114
650 ## - SUBJECT ADDED ENTRY--TOPICAL TERM
Topical term or geographic name as entry element EMERGENCY MEDICINE
653 ## - KEYWORDS--INDEX TERM
Keyword term TINTINALLI'S EMERGENCY MEDICINE A COMPREHENSIV STUDY GUIDE
942 ## - ADDED ENTRY ELEMENTS (KOHA)
Source of classification or shelving scheme Dewey Decimal Classification
Koha item type Books
Holdings
Withdrawn status Lost status Source of classification or shelving scheme Damaged status Not for loan Collection code Home library Current library Shelving location Date acquired Vendor Name Cost, normal purchase price SGTU Bill Number Total Checkouts Full call number Accession No. (Barcode) Date last seen Bill Date Koha item type
    Dewey Decimal Classification   Not For Loan MEDICAL SGT Medical Library SGT Medical Library Reference Book 23/03/2025 ABC DELHI 13947.00 SGTU 20800   616.025 T20T FM15128 15/04/2025 23/03/2025 Books
    Dewey Decimal Classification   Not For Loan MEDICAL SGT Medical Library SGT Medical Library Reference Book 23/03/2025 ABC DELHI 13947.00 SGTU 20800   616.025 T20T FM15129 15/04/2025 23/03/2025 Books
    Dewey Decimal Classification   Not For Loan MEDICAL SGT Medical Library SGT Medical Library Reference Book 23/03/2025 ABC DELHI 13947.00 SGTU 20800   616.025 T20T FM15130 15/04/2025 23/03/2025 Books